|
|
|
|
| LEADER |
00000nab a2200000 a 4500 |
| 001 |
vtls008155206 |
| 003 |
SK-MaSNL |
| 005 |
20260304235720.0 |
| 008 |
250505c2005 xo mr|p|||||||000 b|slo |
| 015 |
|
|
|a SNBRB2005/05
|2 snkbucl
|
| 035 |
|
|
|a (uuid)8a5d59de-f220-4b42-94ce-1eb0b72a128b
|
| 035 |
|
|
|a urn:nbn:sk:snk-abv5f
|
| 035 |
|
|
|a (urnnbn)urn:nbn:sk:snk:ar-a04ffu
|
| 038 |
|
|
|a SNKBUCL
|
| 040 |
|
|
|a SNKBUCL
|b slo
|c SNKBUCL
|e AACR2
|
| 041 |
0 |
|
|a slo
|
| 044 |
|
|
|a xo
|c SK
|
| 080 |
|
|
|a 632.4:635.64
|2 1997
|
| 080 |
|
|
|a 635.64
|2 1997
|
| 100 |
1 |
|
|a Hudec, Kamil,
|d 1973-
|4 aut
|9 179592
|
| 245 |
1 |
0 |
|a Najvýznamnejšie mykózy listov a plodov rajčiaka
|c Kamil Hudec ; recenzoval P. Zubal
|
| 300 |
|
|
|b Fotogr., tab.
|
| 650 |
0 |
7 |
|a rajčiak jedlý
|2 snkbucl
|9 920
|
| 650 |
0 |
7 |
|a hubové choroby rastlín
|2 snkbucl
|9 57801
|
| 700 |
1 |
|
|a Zubal, Pavel
|4 rev
|9 5384
|
| 773 |
0 |
|
|t Naše pole
|g Roč. 9, č. 2 (2005), s. 30-31
|x 1335-2466
|
| 850 |
|
|
|a Slovenská národná knižnica
|
| 852 |
|
|
|a Slovenská národná knižnica
|
| 954 |
|
|
|a odborná, vedecká literatúra pôvodná (slovenská)
|2 lita
|
| 958 |
|
|
|a article27
|
| 958 |
|
|
|a OND
|
| 958 |
|
|
|a EUIPO
|
| 999 |
|
|
|c 3210139
|d 3212069
|